|
|
|
|
| LEADER |
00000nab a2200000 a 4500 |
| 001 |
vtls000741311 |
| 003 |
SK-MaSNL |
| 005 |
20260304112717.0 |
| 008 |
250429c2000 xo 0 slo |
| 015 |
|
|
|a SNBRB2000/12-30082
|
| 035 |
|
|
|a CLN000093153
|
| 035 |
|
|
|a urn:nbn:sk:snk-abklt
|
| 035 |
|
|
|a (urnnbn)urn:nbn:sk:snk:ar-a04w1f
|
| 035 |
|
|
|a (uuid)53faaf2f-f024-47f0-9d8f-637bae4ab541
|
| 040 |
|
|
|a SNKBUCL
|b slo
|c SNKBUCL
|e AACR2
|
| 041 |
0 |
|
|a slo
|
| 044 |
|
|
|a xo
|c SK
|
| 080 |
|
|
|a 551.578.46(437.6)
|2 1997
|
| 245 |
0 |
0 |
|a Chemické zloženie snehovej pokrývky na Slovensku - výsledky 25-ročného pozorovania
|c Dušan Bodiš ... [et al.]
|
| 300 |
|
|
|b Mp., tab.
|
| 504 |
|
|
|a Res. angl.
|
| 504 |
|
|
|a Bibliogr. odkazy
|
| 650 |
0 |
7 |
|a snehová pokrývka
|z Slovensko
|x chemické zloženie
|2 snkbucl
|9 19693
|
| 650 |
0 |
7 |
|a hydrogeochémia
|2 snkbucl
|9 19680
|
| 655 |
|
7 |
|a články z novín a časopisov
|2 snkbucl
|9 267496
|
| 700 |
1 |
|
|a Bodiš, Dušan
|4 aut
|9 8651
|
| 700 |
1 |
|
|a Lopašovská, Miroslava
|4 aut
|9 19694
|
| 700 |
1 |
|
|a Lopašovský, Kamil
|4 aut
|9 806128
|
| 700 |
1 |
|
|a Rapant, Stanislav,
|d 1954-
|4 aut
|9 202781
|
| 773 |
0 |
|
|t Podzemná voda
|g Roč. 6, č. 2 (2000), s. 162-173
|x 1335-1052
|
| 850 |
|
|
|a Slovenská národná knižnica
|
| 852 |
|
|
|a Slovenská národná knižnica
|
| 954 |
|
|
|a odborná, vedecká literatúra pôvodná (slovenská)
|2 lita
|
| 958 |
|
|
|a article27
|
| 958 |
|
|
|a NB
|
| 958 |
|
|
|a SK
|
| 958 |
|
|
|a OND
|
| 958 |
|
|
|a EUIPO
|
| 999 |
|
|
|c 2866813
|d 2868743
|